| 000 | 00923nam a22002537a 4500 | ||
|---|---|---|---|
| 005 | 20231219123531.0 | ||
| 010 | _aENG-129423 ENG-138603 | ||
| 020 |
_c250.00 _a9789388016230 |
||
| 020 |
_c9789389740240 _a995.00 |
||
| 035 | _aEN-112955 | ||
| 035 | _aEN-122135 | ||
| 037 | _bDBAD/PUB | ||
| 082 |
_a363.7 _21 |
||
| 100 |
_aRavinder _959939 |
||
| 245 |
_aPedagogy of Environmental Studies at Primary Level/ _bBy Ravinder, Jubilee Padmanabhan and K. Shravankumar |
||
| 250 | _a1 | ||
| 260 |
_aNew Delhi _bNeelkamal Publications _c2020 |
||
| 270 |
_a4764/1, 23, Ansari Road, Daryaganj _bNew Delhi _e110002 _k011-23244237 _k9811828953 _mneelkamalbooks@gmail.com |
||
| 300 |
_axii,274p. _c24cm(hbk) _b illustrations |
||
| 500 | _aincluding biographical references and index | ||
| 700 |
_aJubilee Padmanabhan _eAuthor _959940 |
||
| 700 |
_aK. Shravankumar _eAuthor _959941 |
||
| 942 |
_2ddc _cEN _h363.7 _mRAV _e1 |
||
| 999 |
_c178663 _d178663 |
||